Loading...
| Current Events | 2 | 25.00 | 100% | 100% | 50% |
| Fine Arts - Auditory Fine Arts | 4 | 25.00 | 100% | 100% | 50% |
| Fine Arts - Other Fine Arts | 10 | 16.00 | 100% | 50% | 10% |
| Fine Arts - Visual Fine Arts | 4 | 20.00 | 100% | 100% | 0% |
| Geography | 2 | 25.00 | 100% | 100% | 50% |
| History - American History | 4 | 17.50 | 75% | 75% | 25% |
| History - European History | 8 | 17.50 | 100% | 50% | 25% |
| History - Other History | 5 | 20.00 | 100% | 80% | 20% |
| History - World History | 2 | 25.00 | 100% | 100% | 50% |
| Literature - American Literature | 5 | 28.00 | 100% | 100% | 80% |
| Literature - British Literature | 4 | 25.00 | 100% | 75% | 75% |
| Literature - European Literature | 5 | 22.00 | 100% | 100% | 20% |
| Literature - World Literature | 5 | 16.00 | 100% | 20% | 40% |
| Mythology | 2 | 20.00 | 100% | 50% | 50% |
| Other Academic | 2 | 20.00 | 100% | 100% | 0% |
| Philosophy | 7 | 17.14 | 100% | 71% | 0% |
| Religion | 6 | 25.00 | 100% | 100% | 50% |
| Science - Biology | 3 | 6.67 | 67% | 0% | 0% |
| Science - Chemistry | 5 | 10.00 | 80% | 20% | 0% |
| Science - Other Science | 4 | 17.50 | 100% | 75% | 0% |
| Science - Physics | 8 | 15.00 | 88% | 50% | 13% |
| Social Science | 6 | 18.33 | 100% | 83% | 0% |